LIBRARY & INFORMATION CENTRE, KCAET, TAVANUR

ONLINE PUBLIC ACCESS CATALOGUE (OPAC)

Grameena hindi / (Record no. 8275)

MARC details
000 -LEADER
fixed length control field 00423cam a2200181ua 4500
041 ## - LANGUAGE CODE
Language code of text/sound track or separate title hin
082 ## - DEWEY DECIMAL CLASSIFICATION NUMBER
Classification number 891.54
Item number DHE/GR
100 ## - MAIN ENTRY--AUTHOR NAME
Personal name Dheerendra, Varma .
245 ## - TITLE STATEMENT
Title Grameena hindi /
250 ## - EDITION STATEMENT
Edition statement 8 /
260 ## - PUBLICATION, DISTRIBUTION, ETC. (IMPRINT)
Place of publication Agra :
Name of publisher Sahitya Bhawan ,
Year of publication 1969.
300 ## - PHYSICAL DESCRIPTION
Number of Pages 79 ; .
942 ## - ADDED ENTRY ELEMENTS (KOHA)
Koha item type Books
Holdings
Withdrawn status Lost status Damaged status Home library Current library Date acquired Full call number Accession Number Koha item type Public note
Withdrawn     KAUAET Sanskrit University 07/04/2012 891.54 6347 Books Transferred to Sanskrit University
free website counter